000 01024nam a2200253Ia 4500
003 OSt
005 20220923224313.0
006 a|||||r|||| 00| 0
007 ta
008 220922b |||||||| |||| 00| 0 hin d
024 _a230,722
037 _cTextual
040 _aARTS
_cARTS
_bhin
041 _2hin
_ahin
082 _aT15, 152P4-;1
100 _aमांटेसरी, मरिया; सरला मोहनलाल, अनु.
_9167886
245 0 _aग्रहणशील मन
_b बाल मनोविज्ञान का विवेचन
246 _aGrahaṇashīl hina: bāl hinovijnyān kā vivechana
260 _aनई दिल्ली
_b ग्रंथ शिल्पी
_c2004
300 _a246पृ.
_ccm.
490 _aशिक्षाशास्त्र के नए क्षितिज
942 _hT15, 152P4-;1
_cTEXL
_2CC
999 _c370507
_d370507